| 000 | 00595nam a2200205Ia 4500 | ||
|---|---|---|---|
| 008 | 220216s9999 xx 000 0 und d | ||
| 100 | _aRozik N N | ||
| 245 | 0 | _aPreparation and physical studies of NBR/EPDM rubber blends with BIIR as compatibilizer | |
| 260 |
_bKautschuk Gummi Kunststoffe _c2012 |
||
| 300 | _a30-35 | ||
| 500 | _aSource Year: 2012 | ||
| 650 | _aCompatibility | ||
| 650 | _aDielectrics | ||
| 650 | _aMechanical properties | ||
| 650 | _aRubber blends | ||
| 650 | _aScanning electron microscopy | ||
| 700 | _aAbd-El Messieh S L | ||
| 700 | _aYounan A F | ||
| 942 | _cJS | ||
| 999 |
_c65555 _d65555 |
||